[Event "Schachfestival 2013 - Open"]
[Site "Bad Woerishofen"]
[Date "2013.03.04"]
[Round "5.51"]
[White "Deues, Erik"]
[Black "Klett, Thomas"]
[Result "1-0"]
[WhiteElo "2049"]
[BlackElo "1874"]
[Annotator "chessorg"]
[PlyCount "65"]
[EventDate "2013.??.??"]
[WhiteTeam "Schachklub Germering e. V."]
[BlackTeam "SV Urach"]

1. c4 c5 2. Nc3 Nc6 3. g3 Nf6 4. Bg2 g6 5. d3 Bg7 6. e4 O-O 7. Nge2 d6 8. O-O
Rb8 9. h3 a6 10. a4 Ne8 11. Be3 Nc7 12. Rb1 b5 13. axb5 axb5 14. cxb5 Nxb5 15.
Nxb5 Rxb5 16. d4 Qb6 17. dxc5 dxc5 18. Nc3 Rxb2 19. Rxb2 Qxb2 20. Na4 Qb5 21.
Nxc5 Rd8 22. Qb1 Qxb1 23. Rxb1 e5 24. Bf1 Bf6 25. Rb6 Rd6 26. Bb5 Rd1+ 27. Kg2
Na7 28. Ba4 Bd8 29. Rb8 Ra1 30. Bd7 Bc7 31. Ra8 Ba5 32. Bxc8 Nxc8 33. Nb3 1-0

[Event "Schachfestival 2013 - Open"]
[Site "Bad Woerishofen"]
[Date "2013.03.04"]
[Round "5.56"]
[White "Bohnstorff, Michael"]
[Black "Urban, Rudolf"]
[Result "1-0"]
[WhiteElo "2073"]
[BlackElo "1930"]
[Annotator "chessorg"]
[PlyCount "79"]
[EventDate "2013.??.??"]
[WhiteTeam "SV Winsen"]
[BlackTeam "SC Roter Turm Altstadt"]

1. d4 Nf6 2. Nf3 e6 3. c3 b6 4. Bf4 Bb7 5. e3 Be7 6. Nbd2 O-O 7. Qc2 d6 8. Bd3
c5 9. O-O Nc6 10. Rad1 cxd4 11. exd4 Rc8 12. Qb1 h6 13. h3 Qd7 14. Rfe1 Rfd8
15. Ne4 Nd5 16. Bh2 f5 17. Ned2 Nf6 18. Bc4 d5 19. Bb5 Bd6 20. Ne5 Bxe5 21.
Bxe5 Ne4 22. Qd3 a6 23. Bxc6 Qxc6 24. f3 Nxd2 25. Rxd2 Qc4 26. Qe3 Rf8 27. Bd6
Rfe8 28. a3 Rcd8 29. Be5 Qc8 30. Rde2 Qd7 31. Qf4 b5 32. Qg3 Qf7 33. Qh4 Kh7
34. f4 Rg8 35. Re3 a5 36. Rg3 b4 37. axb4 axb4 38. Rxg7+ Rxg7 39. Bxg7 Qxg7 40.
Qxd8 1-0

[Event "Schachfestival 2013 - Open"]
[Site "Bad Woerishofen"]
[Date "2013.03.04"]
[Round "5.61"]
[White "Neuens, Heiko"]
[Black "Hirstel, Serge"]
[Result "1/2-1/2"]
[WhiteElo "2032"]
[BlackElo "1916"]
[Annotator "chessorg"]
[PlyCount "28"]
[EventDate "2013.??.??"]
[WhiteTeam "SC 1948 Pruem"]

1. e4 e5 2. Nf3 Nf6 3. Nc3 Nc6 4. d4 Bb4 5. Nxe5 Qe7 6. Qd3 Bxc3+ 7. Qxc3 Nxe4
8. Nxc6 dxc6 9. Qe3 Nd6 10. Qxe7+ Kxe7 11. Bf4 Bf5 12. O-O-O Rad8 13. Bd3 Bxd3
14. Rxd3 Kd7 1/2-1/2

[Event "Schachfestival 2013 - Open"]
[Site "Bad Woerishofen"]
[Date "2013.03.04"]
[Round "5.71"]
[White "Wimmer, Alfred"]
[Black "Riegler, Dieter"]
[Result "1/2-1/2"]
[WhiteElo "2018"]
[BlackElo "2142"]
[Annotator "chessorg"]
[PlyCount "26"]
[EventDate "2013.??.??"]
[WhiteTeam "SC Moosburg 1956 e.V."]
[BlackTeam "SK 1947 Sandhausen e.V."]

1. d4 Nf6 2. Bf4 g6 3. e3 Bg7 4. Nf3 O-O 5. h3 d6 6. Be2 Nfd7 7. O-O e5 8. Bh2
Nc6 9. c3 f5 10. a4 Kh8 11. Na3 e4 12. Nd2 Qe7 13. b4 Nf6 1/2-1/2

[Event "Schachfestival 2013 - Open"]
[Site "Bad Woerishofen"]
[Date "2013.03.04"]
[Round "5.83"]
[White "Tichacek, Alois"]
[Black "Trebbin, Wolfhard"]
[Result "0-1"]
[WhiteElo "1770"]
[BlackElo "1981"]
[Annotator "chessorg"]
[PlyCount "48"]
[EventDate "2013.??.??"]
[WhiteTeam "Marktoberdorf"]
[BlackTeam "SG Lasker Steglitz-Wilmersdorf"]

1. c4 c6 2. Nc3 Nf6 3. d4 d5 4. cxd5 cxd5 5. Nf3 e6 6. Bg5 Be7 7. Bxf6 Bxf6 8.
Qb3 Nc6 9. e3 O-O 10. Be2 Bd7 11. a3 Na5 12. Qa2 Rc8 13. Ne5 Bxe5 14. dxe5 Qc7
15. f4 Qb6 16. Nd1 Nb3 17. Rb1 Nc1 18. Qa1 Nxe2 19. Kxe2 Rc2+ 20. Kf3 d4 21.
Re1 Bc6+ 22. Kg4 Rxg2+ 23. Kh3 Rg6 24. Re2 Be4 0-1

[Event "Schachfestival 2013 - Open"]
[Site "Bad Woerishofen"]
[Date "2013.03.04"]
[Round "5.84"]
[White "Sakowski, Christian"]
[Black "Auschkalnis, Reinhard"]
[Result "1/2-1/2"]
[WhiteElo "1960"]
[BlackElo "1835"]
[Annotator "chessorg"]
[PlyCount "69"]
[EventDate "2013.??.??"]
[WhiteTeam "SC Tuerkheim/Bad Woerishofen"]
[BlackTeam "Schachclub Bonn Beuel"]

1. g3 g6 2. Bg2 Bg7 3. c4 c5 4. Nc3 Nf6 5. e4 Nc6 6. Nge2 d6 7. d3 O-O 8. O-O
Re8 9. h3 a6 10. a3 Nd7 11. Rb1 Rb8 12. b4 cxb4 13. axb4 b5 14. cxb5 axb5 15.
d4 Qc7 16. Be3 Ba6 17. Qb3 Nb6 18. Nd5 Nxd5 19. Qxd5 e6 20. Qb3 Ne7 21. Rfc1
Qd7 22. Ra1 Bb7 23. Ra2 Ra8 24. Rac2 Rec8 25. Nf4 Rxc2 26. Rxc2 Rc8 27. Nd3
Rxc2 28. Qxc2 Qc8 29. Qxc8+ Nxc8 30. e5 Bxg2 31. Kxg2 d5 32. Nc5 Na7 33. Bd2
Nc6 34. Bc3 Bf8 35. Nd3 1/2-1/2

[Event "Schachfestival 2013 - Open"]
[Site "Bad Woerishofen"]
[Date "2013.03.04"]
[Round "5.89"]
[White "Lehmann, Edwin"]
[Black "Lang, Ludwig"]
[Result "1-0"]
[WhiteElo "1940"]
[BlackElo "1413"]
[Annotator "chessorg"]
[PlyCount "71"]
[EventDate "2013.??.??"]
[WhiteTeam "SK Königsspringer Emden"]
[BlackTeam "SK Bobingen"]

1. f4 d5 2. Nf3 c5 3. e3 Bd7 4. b3 e6 5. Bb2 Nf6 6. Be2 Be7 7. O-O O-O 8. Ne5
Be8 9. d3 d4 10. e4 Nc6 11. Nxc6 Bxc6 12. a4 a5 13. Na3 b6 14. Qe1 Nd7 15. Nc4
Bh4 16. g3 Be7 17. Bf3 f5 18. exf5 Bxf3 19. Qxe6+ Kh8 20. Rxf3 Rf6 21. Qe4 Qe8
22. Re1 Rf7 23. Nd6 Nf6 24. Nxf7+ Kg8 25. Nh6+ gxh6 26. Qxe7 Qxe7 27. Rxe7 Nd5
28. Re5 Nf6 29. Bc1 Kf7 30. h3 Rd8 31. g4 Nd5 32. Bd2 Nf6 33. Re6 Rg8 34. Rxb6
Nd7 35. Rxh6 Nf8 36. Rc6 1-0

[Event "Schachfestival 2013 - Open"]
[Site "Bad Woerishofen"]
[Date "2013.03.04"]
[Round "5.90"]
[White "Gerken, Juergen"]
[Black "Mueller, Wolfgang"]
[Result "0-1"]
[WhiteElo "1594"]
[BlackElo "1917"]
[Annotator "chessorg"]
[PlyCount "62"]
[EventDate "2013.??.??"]
[WhiteTeam "SC Sottrum"]
[BlackTeam "SK Marktoberdorf"]

1. d4 d5 2. c4 e6 3. Nc3 c6 4. Nf3 Nf6 5. Bg5 Be7 6. e3 h6 7. Bxf6 Bxf6 8. Qb3
O-O 9. Be2 Nd7 10. cxd5 exd5 11. O-O Re8 12. Rfc1 Qe7 13. a4 Qe6 14. Qa3 Be7
15. b4 a5 16. Na2 axb4 17. Nxb4 Nf6 18. Qb3 Ne4 19. Nd3 Bd6 20. Nc5 Bxc5 21.
dxc5 Qe7 22. Qa3 Ra5 23. Nd4 Rxc5 24. Rxc5 Qxc5 25. Qxc5 Nxc5 26. a5 Bd7 27. a6
bxa6 28. Nxc6 Bxc6 29. Rc1 Rb8 30. h3 Bb5 31. Rxc5 Bxe2 0-1

[Event "Schachfestival 2013 - Open"]
[Site "Bad Woerishofen"]
[Date "2013.03.05"]
[Round "6.1"]
[White "Colovic, Aleksandar"]
[Black "Epishin, Vladimir"]
[Result "1/2-1/2"]
[WhiteElo "2484"]
[BlackElo "2607"]
[Annotator "chessorg"]
[PlyCount "51"]
[EventDate "2013.??.??"]
[BlackTeam "Luebecker SV von 1873"]

1. d4 Nf6 2. c4 e6 3. Nc3 Bb4 4. Qc2 O-O 5. Nf3 d6 6. Bd2 Qe8 7. a3 Bxc3 8.
Bxc3 Nbd7 9. e3 b6 10. Bd3 e5 11. dxe5 Nxe5 12. Nxe5 dxe5 13. O-O Bb7 14. f4
exf4 15. exf4 Qe3+ 16. Kh1 Rad8 17. Bf5 Be4 18. Bxe4 Qxe4 19. Qf2 Rd3 20. Bxf6
gxf6 21. Rae1 Qxc4 22. Rc1 Qd5 23. Rxc7 Rd2 24. Qg3+ Kh8 25. Qf3 Qxf3 26. gxf3
1/2-1/2

[Event "Schachfestival 2013 - Open"]
[Site "Bad Woerishofen"]
[Date "2013.03.05"]
[Round "6.2"]
[White "Pap, Misa"]
[Black "Starostits, Ilmars"]
[Result "1/2-1/2"]
[WhiteElo "2511"]
[BlackElo "2470"]
[Annotator "chessorg"]
[PlyCount "80"]
[EventDate "2013.??.??"]
[WhiteTeam "Sfr. Korbach"]
[BlackTeam "SC Schwegenheim"]

1. e4 c6 2. d4 d5 3. Nd2 dxe4 4. Nxe4 Bf5 5. Ng3 Bg6 6. h4 h6 7. Nf3 Nd7 8. h5
Bh7 9. Bd3 Bxd3 10. Qxd3 Ngf6 11. Bf4 Qa5+ 12. Bd2 Qc7 13. O-O-O O-O-O 14. Qe2
e6 15. Ne5 Nb6 16. Ba5 Rd5 17. Bxb6 axb6 18. c4 Ra5 19. Kb1 Bd6 20. f4 Rd8 21.
Ne4 Nxe4 22. Qxe4 Kb8 23. g4 Ra4 24. b3 Ra5 25. Rhe1 Bb4 26. Rf1 Bd6 27. Rd3
Qe7 28. Rfd1 Bxe5 29. dxe5 Rxd3 30. Qxd3 Kc7 31. Qd6+ Qxd6 32. Rxd6 b5 33. cxb5
Rxb5 34. Rd4 c5 35. Ra4 f6 36. exf6 gxf6 37. Kc2 Rb6 38. Rc4 Kd6 39. Kd3 Ra6
40. Rc2 Ra8 1/2-1/2

[Event "Schachfestival 2013 - Open"]
[Site "Bad Woerishofen"]
[Date "2013.03.05"]
[Round "6.3"]
[White "Teske, Henrik"]
[Black "Belezky, Alexander"]
[Result "1/2-1/2"]
[WhiteElo "2513"]
[BlackElo "2446"]
[Annotator "chessorg"]
[PlyCount "59"]
[EventDate "2013.??.??"]
[WhiteTeam "SC 1950 Remagen"]
[BlackTeam "FC Bayern Muenchen e.V."]

1. Nf3 Nf6 2. c4 g6 3. g3 Bg7 4. Bg2 d6 5. Nc3 O-O 6. O-O Nc6 7. d4 a6 8. b3
Rb8 9. a4 a5 10. e4 Bg4 11. Be3 e5 12. d5 Nd4 13. Bxd4 exd4 14. Qxd4 Bxf3 15.
Bxf3 Nxe4 16. Qxe4 Bxc3 17. Ra2 Re8 18. Qf4 Be5 19. Qc1 Qf6 20. Kg2 Bc3 21. Rd1
Re7 22. Rd3 Bb4 23. Re3 Rbe8 24. Rae2 Rxe3 25. Rxe3 Rxe3 26. Qxe3 Qb2 27. Bd1
Bc5 28. Qe2 Qd4 29. h4 h5 30. Bc2 1/2-1/2

[Event "Schachfestival 2013 - Open"]
[Site "Bad Woerishofen"]
[Date "2013.03.05"]
[Round "6.4"]
[White "Estremera, Sergio"]
[Black "Levin, Felix"]
[Result "1/2-1/2"]
[WhiteElo "2365"]
[BlackElo "2512"]
[Annotator "chessorg"]
[PlyCount "33"]
[EventDate "2013.??.??"]
[BlackTeam "Schachverein Muelheim-Nord 1931 e"]

1. d4 Nf6 2. c4 e6 3. Nc3 Bb4 4. e3 O-O 5. Bd3 d5 6. Nf3 c5 7. O-O dxc4 8. Bxc4
Nbd7 9. a3 Ba5 10. Qe2 a6 11. Bd3 Qe7 12. Bd2 Bc7 13. Rac1 b6 14. Ne4 Nxe4 15.
Bxe4 Ra7 16. b4 Bd6 17. bxc5 1/2-1/2

[Event "Schachfestival 2013 - Open"]
[Site "Bad Woerishofen"]
[Date "2013.03.05"]
[Round "6.5"]
[White "Ivanov, Mikhail"]
[Black "Romanishin, Oleg"]
[Result "1/2-1/2"]
[WhiteElo "2390"]
[BlackElo "2503"]
[Annotator "chessorg"]
[PlyCount "27"]
[EventDate "2013.??.??"]
[WhiteTeam "Bad Mergentheim"]
[BlackTeam "SC Kreuzberg e.V."]

1. Nf3 Nf6 2. c4 e6 3. g3 a6 4. Nc3 d5 5. cxd5 exd5 6. Bg2 Be7 7. d4 O-O 8. O-O
Nbd7 9. Ne5 c6 10. Bf4 Nh5 11. Bd2 Nhf6 12. Bf4 Nh5 13. Bd2 Nhf6 14. Bf4
1/2-1/2

[Event "Schachfestival 2013 - Open"]
[Site "Bad Woerishofen"]
[Date "2013.03.05"]
[Round "6.6"]
[White "Gutman, Lev"]
[Black "Wichmann, Cliff"]
[Result "1/2-1/2"]
[WhiteElo "2470"]
[BlackElo "2349"]
[Annotator "chessorg"]
[PlyCount "61"]
[EventDate "2013.??.??"]
[WhiteTeam "SV Lingen"]
[BlackTeam "ESV Nickelhuette Aue"]

1. Nf3 c5 2. g3 Nc6 3. d4 cxd4 4. Nxd4 g6 5. Bg2 Bg7 6. Nxc6 bxc6 7. O-O Nf6 8.
Nd2 O-O 9. Nb3 a5 10. a4 d5 11. Be3 e5 12. Bd2 Bf5 13. Qe1 Bxc2 14. Nxa5 Ne4
15. b4 Qb6 16. Qc1 Nxd2 17. Qxd2 Bf5 18. Rfc1 Rfc8 19. e4 Be6 20. Nb3 Bf8 21.
Nc5 Bxc5 22. Rxc5 Rab8 23. a5 Qxb4 24. Qxb4 Rxb4 25. exd5 cxd5 26. Rxc8+ Bxc8
27. a6 Bxa6 28. Rxa6 Rb1+ 29. Bf1 e4 30. Kg2 Rb2 31. Rd6 1/2-1/2

[Event "Schachfestival 2013 - Open"]
[Site "Bad Woerishofen"]
[Date "2013.03.05"]
[Round "6.7"]
[White "Buchal, Stephan"]
[Black "Zude, Arno"]
[Result "1/2-1/2"]
[WhiteElo "2293"]
[BlackElo "2461"]
[Annotator "chessorg"]
[PlyCount "53"]
[EventDate "2013.??.??"]
[WhiteTeam "SV Werder Bremen"]
[BlackTeam "SV 1920 Hofheim"]

1. c4 e5 2. g3 Nf6 3. Bg2 h6 4. Nc3 Bb4 5. Nf3 Bxc3 6. dxc3 d6 7. O-O O-O 8.
Qc2 Qe7 9. e4 a5 10. Nh4 Na6 11. Nf5 Bxf5 12. exf5 c6 13. Be3 Rfe8 14. Rad1 Qc7
15. h3 Rad8 16. g4 Nc5 17. Qe2 Qe7 18. Rfe1 e4 19. Bd4 Kf8 20. h4 Nd3 21. g5
hxg5 22. hxg5 Nf4 23. Qe3 N6h5 24. Bxg7+ Kxg7 25. f6+ Nxf6 26. Qxf4 Nh7 27.
Rxe4 1/2-1/2

[Event "Schachfestival 2013 - Open"]
[Site "Bad Woerishofen"]
[Date "2013.03.05"]
[Round "6.8"]
[White "Fries, Frederik"]
[Black "Mainka, Romuald"]
[Result "0-1"]
[WhiteElo "2149"]
[BlackElo "2430"]
[Annotator "chessorg"]
[PlyCount "58"]
[EventDate "2013.??.??"]
[WhiteTeam "SC Caissa Schwarzenbach"]
[BlackTeam "Schachclub Hansa Dortmund e.V."]

1. Nf3 c5 2. c4 b6 3. Nc3 Bb7 4. e4 Nf6 5. e5 Ng8 6. d4 Bxf3 7. Qxf3 Nc6 8. d5
Nxe5 9. Qg3 d6 10. f4 Nd7 11. Bd3 g6 12. Bd2 Bg7 13. h4 h5 14. O-O-O Nh6 15. f5
Be5 16. Qf3 Nxf5 17. Bxf5 gxf5 18. Qxf5 Nf6 19. Rde1 Ng4 20. Rhf1 f6 21. Re4
Qd7 22. Qg6+ Kd8 23. Rf3 a6 24. Rf5 Qe8 25. Rxg4 hxg4 26. Qxg4 Rg8 27. Qh3 Rg3
28. Qh1 Qg6 29. Rf2 Kc7 0-1

[Event "Schachfestival 2013 - Open"]
[Site "Bad Woerishofen"]
[Date "2013.03.05"]
[Round "6.9"]
[White "Braun, Christian"]
[Black "Jameson, David"]
[Result "1-0"]
[WhiteElo "2385"]
[BlackElo "2113"]
[Annotator "chessorg"]
[PlyCount "135"]
[EventDate "2013.??.??"]
[WhiteTeam "DJK Aufwaerts St. Josef Aachen 19"]
[BlackTeam "SC-Starnberg"]

1. e4 e5 2. Nf3 Nc6 3. Bc4 Bc5 4. c3 Nf6 5. d3 a6 6. Bb3 d5 7. Nbd2 dxe4 8.
dxe4 O-O 9. O-O Qe7 10. h3 Be6 11. Nh4 Rfd8 12. Qf3 Rd7 13. Bc2 Rad8 14. Nb3
Ba7 15. Nf5 Bxf5 16. Qxf5 b5 17. Qf3 b4 18. Qe2 bxc3 19. bxc3 Nb8 20. Na5 Bb6
21. Nc4 Bc5 22. Rb1 Ne8 23. Ne3 Nd6 24. Nd5 Qe6 25. Bg5 Re8 26. a4 h6 27. Bc1
Kh8 28. Ne3 c6 29. Nf5 Qg6 30. Rd1 Nxf5 31. exf5 Rxd1+ 32. Qxd1 Qf6 33. Be4 Rd8
34. Qe2 Qd6 35. Kh2 a5 36. Rb2 Qe7 37. Rd2 f6 38. g3 Rd7 39. Kg2 Qd8 40. Rxd7
Qxd7 41. Qc4 Qa7 42. Qa2 Qb6 43. Bf3 Qd8 44. Qe6 Qd6 45. Qc8+ Qf8 46. Qc7 Qd6
47. Qxa5 Kh7 48. Be4 Nd7 49. Qa6 Qd1 50. Qf1 Qxa4 51. Qe2 Bb6 52. Bb1 Qb3 53.
Qc2 Qd5+ 54. Qe4 Nc5 55. Qxd5 cxd5 56. Ba2 Ne4 57. Bxd5 Nxc3 58. Be6 Ne2 59.
Ba3 g6 60. Bf8 Nd4 61. fxg6+ Kxg6 62. Bd7 h5 63. Be8+ Kg5 64. h4+ Kg4 65. Bd7+
f5 66. Bg7 e4 67. Bxd4 Bxd4 68. Bb5 1-0

[Event "Schachfestival 2013 - Open"]
[Site "Bad Woerishofen"]
[Date "2013.03.05"]
[Round "6.10"]
[White "Skembris, Spyridon"]
[Black "Stuemer, Paul"]
[Result "1-0"]
[WhiteElo "2448"]
[BlackElo "2117"]
[Annotator "chessorg"]
[PlyCount "63"]
[EventDate "2013.??.??"]
[WhiteTeam "SK Doppelbauer Kiel"]
[BlackTeam "SV Bergneustadt/Derschlag"]

1. d4 Nf6 2. c4 g6 3. Nc3 Bg7 4. e4 O-O 5. Nf3 d6 6. h3 c5 7. d5 b5 8. cxb5 e6
9. dxe6 fxe6 10. e5 Nh5 11. Qxd6 Nd7 12. Qxe6+ Kh8 13. Qd5 Rb8 14. Be2 Bb7 15.
Qd1 Qe8 16. O-O Nxe5 17. Ng5 Rd8 18. Qb3 c4 19. Bxc4 Nxc4 20. Qxc4 h6 21. Ne6
Qf7 22. Qg4 Bc8 23. Nxd8 Rxd8 24. Qe2 Re8 25. Qd1 Bb7 26. Be3 Nf4 27. Bxf4 Qxf4
28. Qg4 Qf7 29. Rae1 Re5 30. Rxe5 Bxe5 31. Re1 h5 32. Qg5 1-0

[Event "Schachfestival 2013 - Open"]
[Site "Bad Woerishofen"]
[Date "2013.03.05"]
[Round "6.14"]
[White "Schulze, Ulrich"]
[Black "Jicman, Ligia Letitia"]
[Result "1-0"]
[WhiteElo "2318"]
[BlackElo "2145"]
[Annotator "chessorg"]
[PlyCount "75"]
[EventDate "2013.??.??"]
[WhiteTeam "SC Bretten"]
[BlackTeam "C.S.M.Lugoj"]

1. d4 d5 2. Nf3 Nf6 3. c4 c6 4. e3 Bf5 5. Nc3 e6 6. Nh4 Bg4 7. Qb3 Qb6 8. h3
Bh5 9. g4 Bg6 10. Nxg6 hxg6 11. Bg2 Qc7 12. Bd2 Nbd7 13. Rc1 Qb6 14. Qa4 dxc4
15. Qxc4 Bd6 16. f4 Nd5 17. O-O f5 18. e4 Qb4 19. Qd3 Ne7 20. e5 Bb8 21. Nd5
Qa4 22. b3 Qa6 23. Qxa6 bxa6 24. Nxe7 Kxe7 25. Rxc6 fxg4 26. Rxa6 Bc7 27. Bxa8
Rxa8 28. hxg4 Bb6 29. Kg2 Rd8 30. Bb4+ Kf7 31. Ba5 Rc8 32. Bxb6 axb6 33. Ra7
Ke8 34. Rf2 Rc1 35. Rd2 Rc3 36. d5 Nc5 37. d6 Nd3 38. Kh2 1-0

[Event "Schachfestival 2013 - Open"]
[Site "Bad Woerishofen"]
[Date "2013.03.05"]
[Round "6.15"]
[White "Friedrich, Norbert"]
[Black "Astengo, Corrado"]
[Result "1-0"]
[WhiteElo "2321"]
[BlackElo "2171"]
[Annotator "chessorg"]
[PlyCount "59"]
[EventDate "2013.??.??"]
[WhiteTeam "SG Waldshut-Tiengen"]
[BlackTeam "Societe  Scacchistica Milanese"]

1. e4 c6 2. d4 d5 3. Nd2 dxe4 4. Nxe4 Bf5 5. Ng3 Bg6 6. Bc4 e6 7. N1e2 Nf6 8.
O-O Bd6 9. Nf4 Qc7 10. Qf3 O-O 11. Nxg6 hxg6 12. Bg5 Nbd7 13. Bb3 e5 14. c3
Rae8 15. Rae1 exd4 16. Rxe8 Rxe8 17. cxd4 Qa5 18. h4 Qb4 19. h5 gxh5 20. Nf5
Re1 21. Bxf6 Rxf1+ 22. Kxf1 Nxf6 23. Nh6+ Kf8 24. Nxf7 Qxd4 25. Qf5 Qc5 26.
Qc8+ Ne8 27. g3 Qb5+ 28. Kg2 Be7 29. Nh8 Qd3 30. Qe6 1-0

[Event "Schachfestival 2013 - Open"]
[Site "Bad Woerishofen"]
[Date "2013.03.05"]
[Round "6.18"]
[White "Lampert, Jonas"]
[Black "Dewenter, Ulf"]
[Result "1-0"]
[WhiteElo "2281"]
[BlackElo "2157"]
[Annotator "chessorg"]
[PlyCount "45"]
[EventDate "2013.??.??"]
[WhiteTeam "Hamburger SK von 1830 eV"]
[BlackTeam "Schachclub Weisse Dame Borbeck 25"]

1. e4 Nf6 2. e5 Nd5 3. d4 d6 4. Nf3 dxe5 5. Nxe5 c6 6. Be2 g6 7. O-O Bg7 8. Re1
O-O 9. h3 Nd7 10. Nf3 b6 11. c4 Nc7 12. Nc3 Bb7 13. Be3 a6 14. Qc2 b5 15. b3
Nf6 16. Rad1 e6 17. Ne5 Qe7 18. Bf3 Qe8 19. Bc1 b4 20. Na4 Rc8 21. Nc5 Ba8 22.
Bg5 Rd8 23. Qd2 1-0

[Event "Schachfestival 2013 - Open"]
[Site "Bad Woerishofen"]
[Date "2013.03.05"]
[Round "6.19"]
[White "Kuhne, Detlev"]
[Black "Calzetta Ruiz, Monica"]
[Result "1/2-1/2"]
[WhiteElo "2155"]
[BlackElo "2251"]
[Annotator "chessorg"]
[PlyCount "23"]
[EventDate "2013.??.??"]
[WhiteTeam "Schachclub Hans Clauert Trebbi"]
[BlackTeam "SK Doppelbauer Kiel"]

1. Nf3 c5 2. c4 Nc6 3. d4 cxd4 4. Nxd4 g6 5. Nc3 Nf6 6. e4 d6 7. Be2 Nxd4 8.
Qxd4 Bg7 9. O-O O-O 10. Qe3 a5 11. Rd1 Nd7 12. Na4 1/2-1/2

[Event "Schachfestival 2013 - Open"]
[Site "Bad Woerishofen"]
[Date "2013.03.05"]
[Round "6.20"]
[White "Neumann, Joachim"]
[Black "Rogobete, Nikolas"]
[Result "1/2-1/2"]
[WhiteElo "2169"]
[BlackElo "2244"]
[Annotator "chessorg"]
[PlyCount "49"]
[EventDate "2013.??.??"]
[WhiteTeam "Kieler SG von 1884 / Meerbauer"]
[BlackTeam "SC Tuerkheim/Bad Woerishofen"]

1. c4 d6 2. g3 g6 3. Bg2 Bg7 4. Nc3 Nf6 5. e4 c5 6. Nge2 Nc6 7. O-O O-O 8. d3
Bd7 9. h3 a6 10. Be3 Rc8 11. Rc1 Qa5 12. Qd2 Rfe8 13. b3 b5 14. f4 h5 15. f5
Ne5 16. fxg6 Nxg6 17. Bh6 b4 18. Nd5 Nxd5 19. Bxg7 Kxg7 20. exd5 Rh8 21. Kh2 f6
22. Be4 Ne5 23. d4 cxd4 24. Nxd4 Rcg8 25. Bf5 1/2-1/2

[Event "Schachfestival 2013 - Open"]
[Site "Bad Woerishofen"]
[Date "2013.03.05"]
[Round "6.21"]
[White "Comes, Bruno"]
[Black "Schatz, Christian"]
[Result "1/2-1/2"]
[WhiteElo "2153"]
[BlackElo "2195"]
[Annotator "chessorg"]
[PlyCount "40"]
[EventDate "2013.??.??"]
[WhiteTeam "SC 1948 Pruem"]
[BlackTeam "Schachzentrum Fuerth 2002"]

1. e4 Nf6 2. e5 Nd5 3. d4 d6 4. Nf3 Bg4 5. Be2 Nb6 6. O-O e6 7. exd6 cxd6 8.
Re1 Be7 9. Nbd2 Nc6 10. Nf1 O-O 11. Ne3 Bxf3 12. Bxf3 d5 13. c3 Na5 14. Qe2 Bg5
15. g3 Nac4 16. Ng2 Bxc1 17. Raxc1 Nd6 18. h4 Qd7 19. Nf4 Qb5 20. Nd3 Rae8
1/2-1/2

[Event "Schachfestival 2013 - Open"]
[Site "Bad Woerishofen"]
[Date "2013.03.05"]
[Round "6.24"]
[White "Pitschka, Claus"]
[Black "Deues, Erik"]
[Result "1-0"]
[WhiteElo "2216"]
[BlackElo "2049"]
[Annotator "chessorg"]
[PlyCount "37"]
[EventDate "2013.??.??"]
[WhiteTeam "SC Garching 1980 e.V."]
[BlackTeam "Schachklub Germering e. V."]

1. d4 Nf6 2. Nc3 d5 3. Bg5 Nbd7 4. Nf3 e6 5. e4 dxe4 6. Nxe4 Be7 7. Nxf6+ Bxf6
8. h4 c5 9. Qd2 O-O 10. O-O-O cxd4 11. Nxd4 Nc5 12. Qe3 Qe7 13. Nf5 Qc7 14.
Bxf6 exf5 15. Be7 Ne6 16. Bxf8 Nxf8 17. Qe8 b6 18. Rd8 Qc5 19. Bc4 1-0

[Event "Schachfestival 2013 - Open"]
[Site "Bad Woerishofen"]
[Date "2013.03.05"]
[Round "6.27"]
[White "Grawe, Christian"]
[Black "Mack, Thomas"]
[Result "1-0"]
[WhiteElo "2199"]
[BlackElo "2046"]
[Annotator "chessorg"]
[PlyCount "33"]
[EventDate "2013.??.??"]
[WhiteTeam "Schachklub Germering e. V."]
[BlackTeam "SC Tarrasch Muenchen"]

1. e4 e5 2. Nf3 d6 3. d4 exd4 4. Nxd4 Nf6 5. Nc3 Be7 6. Bf4 O-O 7. Qd2 a6 8.
O-O-O b5 9. f3 b4 10. Nd5 Nxd5 11. exd5 a5 12. Kb1 Bf6 13. g4 Re8 14. Bc4 Ba6
15. Bxa6 Bxd4 16. Bb5 c6 17. dxc6 1-0

[Event "Schachfestival 2013 - Open"]
[Site "Bad Woerishofen"]
[Date "2013.03.05"]
[Round "6.31"]
[White "Schweizer, Manfred"]
[Black "Hornung, Hans"]
[Result "1/2-1/2"]
[WhiteElo "2016"]
[BlackElo "2107"]
[Annotator "chessorg"]
[PlyCount "31"]
[EventDate "2013.??.??"]
[WhiteTeam "Post SV Memmingen"]
[BlackTeam "SK Klosterlechfeld"]

1. d4 Nf6 2. g3 c5 3. c3 e6 4. Bg2 d5 5. Nf3 Nc6 6. O-O Be7 7. Nbd2 O-O 8. Re1
Qb6 9. Qb3 Qc7 10. e4 cxd4 11. Nxd4 Rd8 12. exd5 Nxd4 13. cxd4 Nxd5 14. Nf3 Bd7
15. Bd2 Qb6 16. Qxb6 1/2-1/2

[Event "Schachfestival 2013 - Open"]
[Site "Bad Woerishofen"]
[Date "2013.03.05"]
[Round "6.33"]
[White "Walda, Michael"]
[Black "Römhild, Marcus"]
[Result "1/2-1/2"]
[WhiteElo "1957"]
[BlackElo "2095"]
[Annotator "chessorg"]
[PlyCount "41"]
[EventDate "2013.??.??"]
[WhiteTeam "SAbt Niederraeder TG"]
[BlackTeam "LSV Turm Lippstadt"]

1. e4 c5 2. Nf3 g6 3. Nc3 Nc6 4. d4 cxd4 5. Nxd4 Bg7 6. Be3 Nf6 7. Nxc6 bxc6 8.
e5 Ng8 9. f4 Nh6 10. Qf3 Rb8 11. O-O-O Qa5 12. Bc4 O-O 13. Bb3 Nf5 14. Bf2 h5
15. g4 hxg4 16. Qxg4 d5 17. Qg1 Bh6 18. Bg3 d4 19. Ne2 Qxe5 20. Nxd4 Qf6 21.
Nxf5 1/2-1/2

[Event "Schachfestival 2013 - Open"]
[Site "Bad Woerishofen"]
[Date "2013.03.05"]
[Round "6.34"]
[White "Germes, Bernard"]
[Black "Kugelmann, Werner"]
[Result "1/2-1/2"]
[WhiteElo "2017"]
[BlackElo "2150"]
[Annotator "chessorg"]
[PlyCount "37"]
[EventDate "2013.??.??"]
[WhiteTeam "Aytre"]
[BlackTeam "SC Lauingen 1925"]

1. Nf3 Nf6 2. c4 g6 3. Nc3 Bg7 4. e4 d6 5. d4 O-O 6. h3 Nbd7 7. Be3 e5 8. d5
Nc5 9. Nd2 a5 10. g4 Bd7 11. Qf3 c6 12. Be2 Rb8 13. Qg2 cxd5 14. cxd5 b5 15. h4
b4 16. Nd1 Bb5 17. Bxc5 Bxe2 18. Kxe2 dxc5 19. Ne3 1/2-1/2

[Event "Schachfestival 2013 - Open"]
[Site "Bad Woerishofen"]
[Date "2013.03.05"]
[Round "6.35"]
[White "Specht, Helmut"]
[Black "Vossenkuhl, Joachim"]
[Result "1/2-1/2"]
[WhiteElo "2019"]
[BlackElo "2121"]
[Annotator "chessorg"]
[PlyCount "48"]
[EventDate "2013.??.??"]
[WhiteTeam "TSV Mindelheim"]
[BlackTeam "Ratinger Schachklub 1950"]

1. e4 c6 2. d4 d5 3. f3 e6 4. Nc3 Bb4 5. Nge2 Nf6 6. a3 Be7 7. Be3 b6 8. Ng3
O-O 9. Be2 c5 10. O-O Nc6 11. dxc5 bxc5 12. Bf2 Rb8 13. Rb1 d4 14. Na2 e5 15.
b3 Be6 16. Nf5 Ne8 17. Nxe7+ Qxe7 18. Ra1 Nd6 19. Nc1 c4 20. bxc4 Nxc4 21. Bxc4
Bxc4 22. Nd3 Rb6 23. Qd2 Rfb8 24. Rfc1 Ra6 1/2-1/2